| 000 | 00682nam a2200205 4500 | ||
|---|---|---|---|
| 001 | 116796 | ||
| 003 | ES-MaACL | ||
| 005 | 20250804044436.0 | ||
| 007 | t| | ||
| 008 | 061121s1919 sp r ||||1| spa d | ||
| 080 | _a1(32) | ||
| 100 | 1 |
_aOvejero y Maury, Eduardo, _d1871-1939? _988002 |
|
| 245 | 1 | 3 |
_aLa verdad estática y la verdad dinámica en la historia de la filosofía griega / _cpor Eduardo Ovejero y Maury. |
| 260 |
_aMadrid : _b[s.n.], _c1919 ( _fImp. El Mentidero) |
||
| 300 |
_a117 p. ; _c19 cm. |
||
| 500 | _aEs separata de la Revista `Filosofía y Letras`. | ||
| 650 | 7 |
_aFilosofía griega _2embne _912849 |
|
| 852 |
_aES-MaACL _jF-9743 |
||
| 999 |
_c116796 _d116796 |
||